000 00575nam a2200205Ia 4500
005 20251020182533.0
008 200515s9999 xx 000 0 und d
082 _a712.367/T70
100 _aTOOGOOD, Alan
245 0 _aUn jardín en macetas : plantas de flor y de hoja en tiestos, jardineras y cestas
260 _aMadrid
260 _c1998
500 _a1 ejemplar
520 _aConsejos sobre cuidados especiales que requieren las plantas en macetas
650 _aBALCONES
650 _aJARDINES
650 _aJARDINES ACUATICOS
650 _aLIB
942 _cLIB
999 _c2133
_d2133